000 03299cam a22012374i 4500
003 PE-LiUPU
005 20250813185410.0
008 171205s2014 pe a r0 00 0 spa d
020 _a6124221039
020 _a9786124221033
035 _a(Sirsi) a240307
040 _aPE-LiUPU
_bspa
_cPE-LiUPU
_erda
049 _aPRUA
082 0 4 _a353.6
_bR74
_220
100 1 _aRodríguez Aguirre, Ronald,
_eautor.
245 1 0 _aDel diagnóstico al tratamiento en la salud pública peruana :
_blas UBAP: aportes para una verdadera reforma en salud /
_cRonald Rodríguez Aguirre.
250 _aPrimera edición.
264 1 _aLima :
_bUniversidad San Martín de Porres, Fondo Editorial,
_c2014.
300 _a173 páginas :
_bilustraciones ;
_c25 centímetros
336 _atext
_2rdacontent
337 _aunmediated
_2rdamedia
338 _avolume
_2rdacarrier
505 0 _aNotas preliminares -- Necesidades de un nuevo enfoque de gestión en salud -- Contenidos y aspectos principales del modelo ubap -- Diseño técnico y de procesos para el funcionamiento de las ubap -- Implementación de las primeras ubap y posicionamiento de la atención primaria -- Los primeros resulyados -- La agenda pendiente.
526 _aP202
526 _aP201
526 _aP163
526 _aP162
526 _aP161
526 _aP160
526 _aP148
526 _aP147
526 _aP146
526 _aP145
526 _aP144
526 _aP143
526 _aP142
526 _aP141
526 _aP140
526 _aP139
526 _aP138
526 _aP137
526 _aP136
526 _aP135
526 _aP134
526 _aP133
526 _aP129
526 _aP128
526 _aP127
526 _aP120
526 _aP119
526 _aP118
526 _aP116
526 _aP115
526 _aP114
526 _aP110
526 _aP109
526 _aP108
526 _aP104
526 _aP103
526 _aP102
526 _aP99
526 _aP98
526 _aP97
526 _aP96
526 _aP95
526 _aP93
526 _aP90
526 _aP89
526 _aP88
526 _aP83
526 _aP82
526 _aP62
526 _aP59
526 _aP58
526 _aP57
526 _aP51
526 _aP49
526 _aP48
526 _aP47
526 _aP29
526 _aP24
526 _aP20
526 _aP19
526 _aP17
526 _aP15
526 _aP14
526 _aP12
526 _aP10
526 _aP09
526 _aP08
526 _aP07
526 _aP06
526 _aP05
526 _aP04
526 _aP01
541 _g0006-002570;
650 0 4 _aServicios de salud para la comunidad.
650 0 4 _aAcceso a los servicios de salud.
650 0 4 _aHealth services for the community.
650 0 4 _aAccess to services.
710 2 _aUniversidad de San Martín de Porres (Lima).
910 _adbm
_bksl
_cksl
_d20171205
596 _a1
942 _2ddc
_cBOOK
999 _a353.6 R74
_wLC
_c25970
_i77394
_f2021-11-3
_g4
_lCCODEBUL1
_mBUL
_p12.36
_r0
_sY
_tBOOK
_u2017-12-5
_xSALUD
_zP79
_0COMPRA
_o.STAFF. Colección Ciencias de la Salud
_d25970
980 _81
_gALBERTO SANCHEZ Responsable de Automatización